| 000 | 00654nam a22001817a 4500 | ||
|---|---|---|---|
| 003 | LK-CoMWRAF | ||
| 005 | 20231218162641.0 | ||
| 008 | 231218b2012 |||||||| |||| 00| 0 eng d | ||
| 040 |
_aLK-CoMWRAF _dLK-CoMWRAF _eLK-CoMWRAF |
||
| 041 | _aeng | ||
| 082 |
_a305.42 _bWOM |
||
| 245 |
_aWomen's rights in Pakistan : status and challenges : _bstakeholders joint submission to UN Human Rights Council, Pakistan's Universal Periodic Review, 14th Session, October 2012 |
||
| 260 |
_aLahore: _bShirkat Gah, Women's Resource Centre, _c2013 |
||
| 300 | _a28 p.; 25 cm | ||
| 650 | _aWomen- Legal status, laws, | ||
| 650 | _aWomen's rights- Pakistan | ||
| 942 | _cBK | ||
| 999 |
_c4530 _d4530 |
||